Un amor memorable = Supernova /

Una pareja de hombres maduros se aventuran con su furgoneta a lo largo de Inglaterra tras la noticia de que uno de ellos padece demencia y su cognición se está deteriorando rápidamente. En su viaje se dedican a visitar a amigos y a observar las estrellas. Drama que busca además sensibilizar sobre la...

Celý popis

Uloženo v:
Podrobná bibliografie
Hlavní autor: Macqueen, Harry (realización)
Další autoři: Macqueen, Harry (guión) (guión), Pope, Dick (fotógrafo) (fotógrafo), Price, Matthew (vestuario) (vestuario), Wyatt, Chris (montaje) (montaje), Henson, Keaton (música) (música), Firth, Colin (actuación) (actuación), Tucci, Stanley (actuación) (actuación), Haywood, Pippa (actuación) (actuación)
Médium: Video
Jazyk:angličtina
Vydáno: Inglaterra : BBC : Quiddity Films, 2020, c2020
Témata:
Tagy: Přidat tag
Žádné tagy, Buďte první, kdo vytvoří štítek k tomuto záznamu!

MARC

LEADER 00000ngm^a2200000^a^4500
001 000455973
005 20250521000000.0
009 20260526145608.187
037 |a Acervo ITESO - Biblioteca 
041 |a ING 
082 |a 820.  |b MAC 
100 |a Macqueen, Harry  |e (realización) 
245 1 3 |a Un amor memorable =  |b Supernova /  |c Realización de H. Macqueen. 
264 4 |a Inglaterra :  |b BBC :  |b Quiddity Films,  |c 2020, c2020 
264 2 |a México :  |b Zima Entertainment [distribución],  |c copyright fecha no identificada 
300 |a 1 blu-ray región A (95 min.) :  |b color 
336 |a imagen móvil bidimensional  |b tdi  |2 rdacontenido 
337 |a video  |b v  |2 rdamedio 
338 |a videodisco  |b vd  |2 rdasoporte 
520 |a Una pareja de hombres maduros se aventuran con su furgoneta a lo largo de Inglaterra tras la noticia de que uno de ellos padece demencia y su cognición se está deteriorando rápidamente. En su viaje se dedican a visitar a amigos y a observar las estrellas. Drama que busca además sensibilizar sobre la eutanasia en situaciones de enfermedades terminales. 
546 |a En inglés, con subtítulos opcionales: español 
649 |a XX 
650 |a Enfermos Terminales en el Cine 
650 |a Adultos Maduros en el Cine 
650 |a Hombres en el Cine 
650 |a Road Movies 
650 |a Dramas Cinematográficos 
650 |a Cine Independiente -  |z Inglaterra 
650 |a Cine Gay y Lésbico -  |z Inglaterra 
650 |a Cine Inglés -  |y 2020-2029 
650 |a Cine Inglés -  |y Siglo XXI 
650 |a Eutanasia 
650 |a Demencia Senil y Presenil 
650 |a Memoria y Olvido 
650 |a Duelo 
650 |a Muerte 
650 |a Amistad 
650 |a Amor -  |x Tema Principal 
650 |a Relaciones de Pareja 
650 |a Homosexualidad 
650 |a Astronomía -  |x Observaciones 
700 |a Macqueen, Harry  |e (guión) 
700 |a Pope, Dick  |e (fotógrafo) 
700 |a Price, Matthew  |e (vestuario) 
700 |a Wyatt, Chris  |e (montaje) 
700 |a Henson, Keaton  |e (música) 
700 |a Firth, Colin  |e (actuación) 
700 |a Tucci, Stanley  |e (actuación) 
700 |a Haywood, Pippa  |e (actuación) 
910 |a Fondo General 
920 |a Audiovisuales - Blu-rays 
940 |a Películas 
905 |a 303 
901 |a 0500367858  |b IT2  |c BRS  |i C179014  |u 20250521 
902 |a https://opac.biblio.iteso.mx/vufind/Record/000455973